States of Germany - Map Click Quiz - Statistics

General Stats
  • This quiz has been taken 24 times
  • The average score is 13 of 16
Answers on the Map
Answers color-coded by a green-red scale on the quiz's map according to % correct below.
 
Answer Stats
Answer % Correct
Bavaria
100%
Berlin
100%
Brandenburg
94%
Hamburg
94%
North Rhine-Westphalia
94%
Thuringia
94%
Saarland
88%
Baden-Württemberg
82%
Bremen
82%
Rhineland Palatinate
82%
Saxony-Anhalt
82%
Hesse
71%
Schleswig-Holstein
71%
Mecklenburg-Vorpommern
65%
Saxony
65%
Lower Saxony
59%
No matching quizzes found
Score Distribution
Percent of People with Each Score
Percentile by Number Answered
Your Score History
You have not taken this quiz